OTACLE ,BUILDING HIGH PERFORMANCE ONLINE SYSTEMS (Record no. 571432)
[ view plain ]
| 000 -LEADER | |
|---|---|
| fixed length control field | 00263nam a22001097a 4500 |
| 082 ## - DEWEY DECIMAL CLASSIFICATION NUMBER | |
| Classification number | 005.73 INM'O |
| 100 ## - MAIN ENTRY--PERSONAL NAME | |
| Personal name | INMON, W.H |
| 9 (RLIN) | 62274 |
| 245 ## - TITLE STATEMENT | |
| Title | OTACLE ,BUILDING HIGH PERFORMANCE ONLINE SYSTEMS |
| 260 ## - PUBLICATION, DISTRIBUTION, ETC. | |
| Place of publication, distribution, etc. | \NEW DELHI |
| Name of publisher, distributor, etc. | BPB |
| Date of publication, distribution, etc. | 1981 |
| 300 ## - PHYSICAL DESCRIPTION | |
| Extent | 253P |
| 942 ## - ADDED ENTRY ELEMENTS (KOHA) | |
| Koha item type | Book |
| Withdrawn status | Lost status | Damaged status | Not for loan | Permanent Location | Current Location | Shelving location | Date acquired | Total Checkouts | Full call number | Barcode | Date last seen | Price effective from | Koha item type |
|---|---|---|---|---|---|---|---|---|---|---|---|---|---|
| College of Electrical & Mechanical Engineering (CEME) | College of Electrical & Mechanical Engineering (CEME) | General Stacks | 07/24/2017 | 005.73 INM'O | CEME-25501 | 06/28/2021 | 06/28/2021 | Book |
